A bendin the river

Gespeichert in:
Bibliographische Detailangaben
Format: Buch
Tags: Tag hinzufügen
Keine Tags, Fügen Sie den ersten Tag hinzu!
Thư viện lưu trữ: Mạng thư viện Đại học Đà Nẵng
LEADER 00398nam a22001691a 4500
001 000040477
003 16772
005 20160412023223.0
008 160412s0 000
082 |a A231 
245 |a A bendin the river  |c V.S.Naipaul 
OWN |a LNN 
999 |a From the UDN01 
TYP |a Monograph 
980 |a Mạng thư viện Đại học Đà Nẵng